00396 2200157 4500001002100000005001500021035002000036245005400056100001500110300002800125260003300153082000800186084001400194020001800208990001200226INLIS00000000000303620250918015649 a0010-09250003831 aSepasang Mata Untuk Cinta Yang Buta /cNoor H.Dee0 aNoor H.Dee a175 hlm ;c13 x 20,5 cm aDepok :bLingkar Pena,c2008 a813 a813 NOO s a979-1367-14-1 a0755603